An Investigation into Linguistic Features of Food and Drink Advertising Slogans English VS Vietnamese /

Na minha lista:
Detalhes bibliográficos
Autor principal: Lý Khánh Ngọc
Formato: online
Idioma:English
Publicado em: Khoa Anh ngữ, 2013.
Assuntos:
Tags: Adicionar Tag
Sem tags, seja o primeiro a adicionar uma tag!
Thư viện lưu trữ: Mạng thư viện Đại học Đà Nẵng
LEADER 01155na a2200325 4500
001 000031327
003 5967
005 20230309155023.0
008 151001s2013 000 eng
040 |a LNN 
041 |a eng 
082 |a 420.64  |b LY-N 
100 |a Lý Khánh Ngọc 
245 3 |a An Investigation into Linguistic Features of Food and Drink Advertising Slogans English VS Vietnamese /  |c Lý Khánh Ngọc. 
260 |a Khoa Anh ngữ,  |c 2013. 
300 |a 96tr. : mh ; 30cm. 
650 |a Lý Khánh Ngọc, 2013, Food, Drink, Advertising 
852 |b P.Doc  |c Luận văn sinh viên 
OWN |a LNN 
AVA |a UDN50  |b LNN  |c English  |d 420.64 LY-N  |e available  |t Error 5001 Not defined in file expand_doc_bib_avail.  |f 1  |g 0  |h N  |i 0  |j AN  |k 1 
999 |a From the UDN01 
AVA |a UDN50  |b LNN  |c English  |d 420.64 LY-N  |e available  |t Error 5001 Not defined in file expand_doc_bib_avail.  |f 1  |g 0  |h N  |i 0  |j AN  |k 1 
TYP |a Printed language 
980 |a Mạng thư viện Đại học Đà Nẵng